A first myths story book / (Record no. 111333)
[ view plain ]
| 000 -LEADER | |
|---|---|
| fixed length control field | 00536nam a2200193 a 4500 |
| 001 - CONTROL NUMBER | |
| control field | 2673 |
| 005 - DATE AND TIME OF LATEST TRANSACTION | |
| control field | 20140414131913.0 |
| 008 - FIXED-LENGTH DATA ELEMENTS--GENERAL INFORMATION | |
| fixed length control field | 040109s19uu xx 00 eng d |
| 020 ## - INTERNATIONAL STANDARD BOOK NUMBER | |
| International Standard Book Number | 0-7513-5889-4 |
| 050 ## - LIBRARY OF CONGRESS CALL NUMBER | |
| Classification number | ER |
| Item number | F44 1999 |
| 100 ## - MAIN ENTRY--PERSONAL NAME | |
| Personal name | Hoffman, Mary |
| 245 ## - TITLE STATEMENT | |
| Title | A first myths story book / |
| Statement of responsibility, etc | Mary Hoffman. |
| 260 ## - PUBLICATION, DISTRIBUTION, ETC. (IMPRINT) | |
| Place of publication, distribution, etc | London : |
| Name of publisher, distributor, etc | Dorling Kindersley Book, |
| Date of publication, distribution, etc | 1999. |
| 300 ## - PHYSICAL DESCRIPTION | |
| Extent | 48 p. ; cm. |
| 520 ## - SUMMARY, ETC. | |
| Summary, etc | Myths and legends from around the world for the very young. |
| 650 ## - SUBJECT ADDED ENTRY--TOPICAL TERM | |
| Topical term or geographic name as entry element | Myths. |
| 650 ## - SUBJECT ADDED ENTRY--TOPICAL TERM | |
| Topical term or geographic name as entry element | Legends. |
| Withdrawn status | Lost status | Damaged status | Home library | Current library | Shelving location | Date acquired | Source of acquisition | Total Checkouts | Full call number | Barcode | Date last seen | Price effective from | Koha item type |
|---|---|---|---|---|---|---|---|---|---|---|---|---|---|
| Munich Library | Munich Library | Easy Reading Section | 01/09/2004 | ER F44 1999 | M2009 | 04/14/2014 | 04/14/2014 | Books |